Multiple Choice City Quiz – Batman - Statistics

General Stats
  • This quiz has been taken 54 times
  • The average score is 8 of 10
Answer Stats
Question Answer % Correct
Which DC superhero has the same name as Batman? Batman
98%
Batman is found in which Turkish province? Batman
92%
Within which district of the above province is Batman located? Batman
92%
Which new university opened in Batman in 2007? Batman
92%
What is the electoral district for the city of Batman? Batman
90%
Which airport serves Batman? Batman
90%
Which oil refinery is operated by Tüpraş in Batman? Batman
88%
Batman lies near the confluence of the Tigris and which river? Batman
86%
Which hydroelectric dam opened in 1999 north of Batman? Batman
86%
What was the original name of Batman? Iluh
12%
No matching quizzes found
Score Distribution
Percent of People with Each Score
Percentile by Number Answered
Your Score History
You have not taken this quiz